书目信息 |
| 题名: |
区域烤烟品质特征及主要影响因素研究
|
|
| 作者: | 李强, , 张一扬, , 高卫锴, 著 | |
| 分册: | ||
| 出版信息: | 长春 吉林大学出版社 2018 |
|
| 页数: | 250页 | |
| 开本: | 24cm | |
| 丛书名: | ||
| 单 册: | ||
| 中图分类: | TS424 | |
| 科图分类: | ||
| 主题词: | 烤烟--kao yan--品质--研究--曲靖市 | |
| 电子资源: | ||
| ISBN: | 978-7-5692-1827-5 | |
| 000 | 01336nam0 2200277 450 | |
| 001 | 012001003154 | |
| 005 | 20140101102359.0 | |
| 010 | @a978-7-5692-1827-5@dCNY52.00 | |
| 099 | @aCAL 012018065695 | |
| 100 | @a20180403d2018 em y0chiy50 ea | |
| 101 | 0 | @achi |
| 102 | @aCN@b220000 | |
| 105 | @aak a 000yy | |
| 106 | @ar | |
| 200 | 1 | @a区域烤烟品质特征及主要影响因素研究@Aqu yu kao yan pin zhi te zheng ji zhu yao ying xiang yin su yan jiu@f李强, 张一扬, 高卫锴著 |
| 210 | @a长春@c吉林大学出版社@d2018 | |
| 215 | @a250页@c图@d24cm | |
| 320 | @a有书目 (第229-250页) | |
| 330 | @a本书研究了典型烟区烤烟品质的区域特征及主要生态因素的影响。首先, 采用模糊数学和地统计学相结合的方法对曲靖烟区烤烟品质区域特点进行了系统分析和综合评价, 并实现空间可视化。其次, 采用典型相关分析的方法明确了气候因素对曲靖烟区烤烟品质影响的主要体现时期, 系统研究了烤烟品质与主要气候因素的关系。然后, 利用地统计学方法, 研究了曲靖植烟土壤养分的空间分布特征, 就各养分丰缺状况进行了评价。研究了曲靖烟区不同土壤类型生产的烤烟品质特性和差异, 以及主要品质指标与土壤养分的关系。 | |
| 606 | 0 | @a烤烟@Akao yan@x品质@x研究@y曲靖市 |
| 690 | @aTS424@v5 | |
| 701 | 0 | @a李强,@Ali qiang@f1982-@4著 |
| 701 | 0 | @a张一扬,@Azhang yi yang@f1974-@4著 |
| 701 | 0 | @a高卫锴,@Agao wei kai@f1981-@4著 |
| 801 | 2 | @aCN@b北京卓展@c20191020 |
| 905 | @b1210581-2@dTS424@e9@f2 | |
| 区域烤烟品质特征及主要影响因素研究/李强, 张一扬, 高卫锴著.-长春:吉林大学出版社,2018 |
| 250页:图;24cm |
| ISBN 978-7-5692-1827-5:CNY52.00 |
| 本书研究了典型烟区烤烟品质的区域特征及主要生态因素的影响。首先, 采用模糊数学和地统计学相结合的方法对曲靖烟区烤烟品质区域特点进行了系统分析和综合评价, 并实现空间可视化。其次, 采用典型相关分析的方法明确了气候因素对曲靖烟区烤烟品质影响的主要体现时期, 系统研究了烤烟品质与主要气候因素的关系。然后, 利用地统计学方法, 研究了曲靖植烟土壤养分的空间分布特征, 就各养分丰缺状况进行了评价。研究了曲靖烟区不同土壤类型生产的烤烟品质特性和差异, 以及主要品质指标与土壤养分的关系。 |
| ● |
| 相关链接 |
|
|
|
|
正题名:区域烤烟品质特征及主要影响因素研究
索取号:TS424/9
 
预约/预借
| 序号 | 登录号 | 条形码 | 馆藏地/架位号 | 状态 | 备注 |
| 1 | 1210581 | 212105817 | 第二样本阅览室/ [索取号:TS424/9] | 在馆 | |
| 2 | 1210582 | 212105826 | 第三借阅区/ [索取号:TS424/9] | 在馆 |